000 00838nam a22002777a 4500
001 BR7906186
003 BR-BrBNA
005 20230928090124.0
007 ta
008 230509b bl.||||| |||| 00| 0 por d
040 _aBR-BrBNA
_bpor
_cBiblioteca Nacional de Agricultura
041 _a(Por)
072 _aN10
_b/G514
090 _ N10 BR7906186
110 1 _aSecretaria de Estado da Agricultura, Curitiba, PR (Brasil). Depto. de Economia Rural;
_98815
110 1 _aComissao Estadual de Planejamento Agricola, Curitiba, PR (Brasil)
_92046
245 1 _aEletrificacao rural no Parana [Brasil]
260 3 _aCuritiba, PR (Brasil):
_c1979.
300 _a27 p.
500 _a5 tables
650 _aEngenharia rural
650 _aEletrificacao rural
650 _aParana
909 _a202309
_bLucia
_c55
_dLucia Elande
942 _cBK
999 _c27893
_d27893